Geography Quiz

Random Geography or State Quiz

Hawaiian Islands Quiz Stats

 Plays Quiz Updated Dec 19, 2018

Support Sporcle.
Go Orange.
Score 0/8 Timer 03:00
3 Plays Today
Hawaiian Island % Correct
Hawaii
90%
Maui
84.6%
Oahu
82.2%
Kauai
50.5%
Molokai
46.6%
Lanai
43.4%
Niihau
27.2%
Kahoolawe
23.4%

From the Vault

'P' Named Bands & Musicians

by prockstar83

Music 6m
These musicians really put the 'P' in popular.
Remove Ads.
Support Sporcle.
Get the best of Sporcle when you Go Orange. This ad-free experience offers more features, more stats, and more fun while also helping to support Sporcle. Thank you for becoming a member.

Show Comments

Extras

Top Quizzes Today


Score Distribution

Your Account Isn't Verified!

In order to create a playlist on Sporcle, you need to verify the email address you used during registration. Go to your Sporcle Settings to finish the process.

Report this User

Report this user for behavior that violates our Community Guidelines.

Details: